Cuaderno Spinoza

Uloženo v:
Podrobná bibliografie
Médium: Kniha
Jazyk:španělština
Vydáno: s.l Montesinos 2012
Témata:
Tagy: Přidat tag
Žádné tagy, Buďte první, kdo vytvoří štítek k tomuto záznamu!

MARC

LEADER 00000cam a2200000 a 4500
001 UCF5046
003 CL-VaPUC
008 130110e20120000SP |||||||||||||||||spa|d
020 |a 9788415216834 
082 0 4 |a 200.1  |b MAR  |2 21 
245 1 0 |a Cuaderno Spinoza 
300 |a 264 p 
942 |c BK 
945 |d 20130110 00:00:00  |a dcastane 
260 |a s.l  |b Montesinos  |c 2012 
500 |a Traducción, estudio preliminar y notas de Nicolás González Varela 
650 0 |a Filosofía de la religión   |9 256017 
999 |c 350671  |d 350669 
583 |k Rodrigo Vera 
952 |0 0  |1 0  |4 0  |6 200_100000000000000_MAR_2012  |7 0  |8 A  |9 454230  |a BIBEDU  |b BIBEDU  |d 2019-11-22  |i 4944410  |o 200.1 MAR 2012  |p 4944410  |r 2019-11-22  |w 2019-11-22  |y BK  |k FIL